000
00291nam a2200121Ia 4500
008
190216s9999||||xx |||||||||||||| ||und||
100
_a
Anjini Kaul
245
0
_a
Science Technology T.B. X
260
_b
Ncrt - Newdelhi
_c
2003
300
_a
230
650
_a
Science Technology
942
_c
REF
999
_c
36683
_d
36683